000 00745nam a2200289Ia 4500
005 20260324144130.0
008 008 260324s9999 xx 000 0 eng d
020 _a9781315044378
037 _aEBOOK
040 _aCRL
040 _beng
040 _cCRL
041 _2eng
041 _aeng
084 _qCRL
100 _aSigrid Wagner; Carolyn Kieran
_91218201
245 0 _aResearch Issues in the Learning and Teaching of Algebra
245 4 _bthe Research Agenda for Mathematics Education, Volume 4
260 _bTaylor and Francis
260 _c1989
365 _a
365 _b210
856 _uhttp://www.taylorfrancis.com/books/9781315044378
942 _cEBOOK
999 _c1824426
_d1824426